Pokédex de Kalos : Centre, Côtes et Monts - Statistiques

Statistiques générales
  • Ce quiz a été pris 49 fois
  • Le résultat moyen est 340 sur 457
Statistiques - réponses
Réponse % Correct
Grenousse
100%
Amphinobi
93%
Aquali
93%
Braisillon
93%
Carabaffe
93%
Carapuce
93%
Croâporal
93%
Dracaufeu
93%
Évoli
93%
Feunnec
93%
Flambusard
93%
Mentali
93%
Noctali
93%
Nymphali
93%
Passerouge
93%
Pyroli
93%
Reptincel
93%
Roussil
93%
Salamèche
93%
Tortank
93%
Voltali
93%
Xerneas
93%
Yveltal
93%
Zygarde
93%
Artikodin
87%
Aspicot
87%
Blindépique
87%
Boguérisse
87%
Chenipan
87%
Chrysacier
87%
Coconfort
87%
Dardargnan
87%
Démolosse
87%
Diancie
87%
Dimoret
87%
Dynavolt
87%
Élecsprint
87%
Électhor
87%
Farfuret
87%
Flagadoss
87%
Floette
87%
Florges
87%
Fouinette
87%
Givrali
87%
Goupelin
87%
Gravalanch
87%
Grolem
87%
Hélionceau
87%
Hoopa
87%
Léviator
87%
Linéon
87%
Machoc
87%
Machopeur
87%
Mackogneur
87%
Magicarpe
87%
Malosse
87%
Marisson
87%
Némélios
87%
Nosféralto
87%
Nostenfer
87%
Pandarbare
87%
Pandespiègle
87%
Papilusion
87%
Pichu
87%
Pikachu
87%
Racaillou
87%
Raichu
87%
Roucarnage
87%
Roucool
87%
Roucoups
87%
Sapereau
87%
Sulfura
87%
Zigzaton
87%
Abo
80%
Abra
80%
Airmure
80%
Alakazam
80%
Apireine
80%
Apitrini
80%
Arakdo
80%
Arbok
80%
Babimanta
80%
Blizzaroi
80%
Bruyverne
80%
Bulbizarre
80%
Carchacrok
80%
Carmache
80%
Charmina
80%
Cheniselle
80%
Cheniti
80%
Cizayox
80%
Coatox
80%
Couafarel
80%
Coxy
80%
Coxyclaque
80%
Dedenne
80%
Démanta
80%
Draby
80%
Draco
80%
Dracolosse
80%
Écrapince
80%
Ectoplasma
80%
Électrode
80%
Excavarenne
80%
Fantominus
80%
Flabébé
80%
Florizarre
80%
Fouinar
80%
Galegon
80%
Galekid
80%
Galeking
80%
Gallame
80%
Gardevoir
80%
Goinfrex
80%
Griknot
80%
Grodoudou
80%
Hariyama
80%
Herbizarre
80%
Insécateur
80%
Joliflor
80%
Kadabra
80%
Kangourex
80%
Kirlia
80%
Kravarech
80%
Lainergie
80%
Lépidonille
80%
Libégon
80%
Lippouti
80%
Lippoutou
80%
Lucario
80%
Magnéti
80%
Magnéton
80%
Magnézone
80%
Makuhita
80%
Maskadra
80%
Méditikka
80%
Migalos
80%
Mimigal
80%
Minidraco
80%
Mysdibule
80%
Mystherbe
80%
Négapi
80%
Nosférapti
80%
Onix
80%
Ortide
80%
Papilord
80%
Pérégrain
80%
Pharamp
80%
Phyllali
80%
Posipi
80%
Prismillon
80%
Ptitard
80%
Rafflésia
80%
Ramoloss
80%
Rhinastoc
80%
Rhinocorne
80%
Rhinoféros
80%
Riolu
80%
Roigada
80%
Rondoudou
80%
Ronflex
80%
Sabelette
80%
Sablaireau
80%
Scarhino
80%
Sonistrelle
80%
Spectrum
80%
Steelix
80%
Strassie
80%
Tarsal
80%
Tartard
80%
Taupiqueur
80%
Tauros
80%
Teddiursa
80%
Ténéfix
80%
Têtarte
80%
Toudoudou
80%
Ursaring
80%
Venalgue
80%
Volcanion
80%
Voltorbe
80%
Yanma
80%
Yanmega
80%
Akwakwak
73%
Altaria
73%
Amagara
73%
Azumarill
73%
Azurill
73%
Baggaïd
73%
Baggiguane
73%
Barbicha
73%
Bargantua
73%
Barloche
73%
Blizzi
73%
Boustiflor
73%
Brocélôme
73%
Brouhabam
73%
Brutalibré
73%
Brutapode
73%
Cabriolaine
73%
Cadoizo
73%
Caratroc
73%
Castorno
73%
Chétiflor
73%
Chevroum
73%
Chuchmur
73%
Cochignon
73%
Cocotine
73%
Colhomard
73%
Colimucus
73%
Coquiperl
73%
Corayon
73%
Corboss
73%
Cornèbre
73%
Cotovol
73%
Couaneton
73%
Coupenotte
73%
Cradopaud
73%
Crocorible
73%
Crustabri
73%
Cupcanaille
73%
Desséliande
73%
Diamat
73%
Dimoclès
73%
Dodrio
73%
Doduo
73%
Drackhaus
73%
Dragmara
73%
Drattak
73%
Emolga
73%
Empiflor
73%
Escroco
73%
Exagide
73%
Feuillajou
73%
Feuiloutan
73%
Flamajou
73%
Flamoutan
73%
Flingouste
73%
Floravol
73%
Flotajou
73%
Flotoutan
73%
Fluvetin
73%
Funécire
73%
Galvaran
73%
Géolithe
73%
Gigalithe
73%
Golemastoc
73%
Golgopathe
73%
Grahyèna
73%
Granivol
73%
Grelaçon
73%
Gringolem
73%
Hélédelle
73%
Hoothoot
73%
Iguolta
73%
Incisache
73%
Keunotor
73%
Kokiyas
73%
Kraknoix
73%
Kungfouine
73%
Lakmécygne
73%
Lanturn
73%
Limagma
73%
Limonde
73%
Lokhlass
73%
Loupio
73%
Lugulabre
73%
Mammochon
73%
Mangriff
73%
Marcacrin
73%
Marill
73%
Mascaïman
73%
Medhyèna
73%
Mélancolux
73%
Mewtwo
73%
Mime Jr.
73%
Miradar
73%
Mistigrix
73%
M. Mime
73%
Monorpale
73%
Moufflair
73%
Moufouette
73%
Mucuscule
73%
Muplodocus
73%
Mustébouée
73%
Mustéflott
73%
Nirondelle
73%
Noarfang
73%
Nodulithe
73%
Octillery
73%
Opermine
73%
Pachirisu
73%
Piafabec
73%
Poissirène
73%
Poissoroy
73%
Polagriffe
73%
Polarhume
73%
Psykokwak
73%
Psystigri
73%
Ptéra
73%
Ptyranidur
73%
Queulorior
73%
Ramboum
73%
Rapasdepic
73%
Ratentif
73%
Rémoraid
73%
Rexillius
73%
Rosabyss
73%
Scarabrute
73%
Scobolide
73%
Scorplane
73%
Scorvol
73%
Sepiatop
73%
Sepiatroce
73%
Séracrawl
73%
Serpang
73%
Séviper
73%
Shaofouine
73%
Solochi
73%
Stari
73%
Staross
73%
Sucroquin
73%
Tarpaud
73%
Tentacool
73%
Tentacruel
73%
Tranchodon
73%
Triopikeur
73%
Trioxhydre
73%
Trousselin
73%
Tylton
73%
Venipatte
73%
Vibraninf
73%
Volcaropod
73%
Wailmer
73%
Wailord
73%
Wattouat
73%
Zoroark
73%
Zorua
73%
Absol
67%
Aflamanoir
67%
Axoloto
67%
Banshitrouye
67%
Baudrive
67%
Békipan
67%
Bétochef
67%
Branette
67%
Canarticho
67%
Carvanha
67%
Chacripan
67%
Charpenti
67%
Chartor
67%
Chovsourir
67%
Delcatty
67%
Écrémeuh
67%
Embrylex
67%
Étouraptor
67%
Étourmi
67%
Étourvol
67%
Fermite
67%
Gamblast
67%
Goélise
67%
Grodrive
67%
Hypocéan
67%
Hyporoi
67%
Hypotrempe
67%
Insolourdo
67%
Judokrak
67%
Karaclée
67%
Léopardus
67%
Lovdisc
67%
Maraiste
67%
Miamiasme
67%
Miasmax
67%
Motisma
67%
Nidoking
67%
Nidoqueen
67%
Nidorina
67%
Nidorino
67%
Noadkoko
67%
Noeunoeuf
67%
Okéoké
67%
Ossatueur
67%
Osselait
67%
Ouvrifier
67%
Pitrouille
67%
Polichombr
67%
Qulbutoké
67%
Qwilfish
67%
Relicanth
67%
Rhinolove
67%
Sharpedo
67%
Skitty
67%
Sorbébé
67%
Sorbouboul
67%
Sorboul
67%
Tyranocif
67%
Vortente
67%
Ymphect
67%
Avaltout
60%
Coudlangue
60%
Cryptéro
60%
Éoko
60%
Excelangue
60%
Gloupti
60%
Granbull
60%
Grindur
60%
Hexagel
60%
Hippodocus
60%
Hippopotas
60%
Kecleon
60%
Korillon
60%
Lombre
60%
Ludicolo
60%
Mamanbo
60%
Manzaï
60%
Méios
60%
Mesmérella
60%
Munja
60%
Nanméouïe
60%
Nénupiot
60%
Ningale
60%
Ninjask
60%
Noacier
60%
Nucléos
60%
Scalpion
60%
Scalproie
60%
Scrutella
60%
Séléroc
60%
Simularbre
60%
Snubbull
60%
Solaroc
60%
Spoink
60%
Symbios
60%
Tarinor
60%
Tarinorme
60%
Carabing
53%
Crabaraque
53%
Crabicoque
53%
Drakkarmin
53%
Drascore
53%
Escargaume
53%
Groret
53%
Lançargot
53%
Limaspeed
53%
Lumivole
53%
Métamorph
53%
Muciole
53%
Nidoran ♀
53%
Nidoran ♂
53%
Pijako
53%
Rapion
53%
Rosélia
53%
Roserade
53%
Rozbouton
53%
Sidérella
53%
Spinda
53%
Gaulet
47%
Trompignon
47%
Aucun quiz correspondant
Distribution des résultats
% des personnes avec chaque résultat
Percentile par nombre de réponses
Votre historique - résultats
Vous n’avez pas pris ce quiz